Frontiers of agriculture in China

Detalles Bibliográficos
Formato: Electrónico Revista
Lenguaje:inglés
Publicado: [Place of publication not identified] : Higher Education Press [and] Springer-Verlag, [2007-2011]
Materias:
Acceso en línea:Full text available from Research Library: 02/01/2007 to 12/31/2011

MARC

LEADER 00000nas a2200000 a 4500
001 ssj0062257
003 WaSeSS
005 20200512172242.0
006 m d
007 cr n
008 080320d20072011xx qr pss 0 a0eng c
010 |a  2008262111 
016 7 |a 013703771  |2 Uk 
022 |a 1673-744X  |y 1673-7334 
035 |a (WaSeSS)ssj0062257 
040 |a CGU  |b eng  |c CGU  |d CGU  |d OCLCQ  |d OCLCS  |d OCLCQ  |d UKMGB  |d OCLCQ  |d OCLCF  |d OCLCQ  |d CUS  |d TXA  |d VT2  |d WaSeSS 
042 |a pcc 
043 |a a-cc--- 
210 0 |a Front. Agric. China  |b (online) 
222 0 |a Frontiers of Agriculture in China  |b (online) 
245 0 0 |a Frontiers of agriculture in China  |h [electronic resource]. 
260 |a [Place of publication not identified] :  |b Higher Education Press [and] Springer-Verlag,  |c [2007-2011] 
310 |a 4 nos. per year 
362 1 |a Began with: Vol. 1, no. 1 (Feb. 2007); ceased with: 5(4) (2011). 
500 |a Description base on first issue; title from cover image (SpringerLink Web site, viewed Mar. 20, 2008). 
500 |a "Selected publications from Chinese universities." 
506 |a License restrictions may limit access. 
588 |a Latest issue consulted: 5(4) (2011) (Springer, viewed March 14, 2019). 
650 0 |a Agriculture  |x Research  |z China  |v Periodicals. 
650 7 |a Agriculture  |x Research.  |2 fast  |0 (OCoLC)fst00801593 
651 7 |a China.  |2 fast  |0 (OCoLC)fst01206073 
655 0 |a Electronic journals. 
776 0 8 |i Print version:  |t Frontiers of agriculture in China  |x 1673-7334 
856 4 0 |z Full text available from Research Library: 02/01/2007 to 12/31/2011  |u https://search.proquest.com/publication/54514